000 01096nam2a22002771 4500
001 rc\4623484
005 20130416195828.5
021 _aRU
_b[65-74341]
035 _a(NLR Aleph) 008675595
090 _a9146794
_c9146794
100 _a20130416d1965 |||y0rusy50 ca
101 0 _arus
102 _aRU
105 _aa z |||||
200 1 _aЭлектровакуумные приборы и импульсная техника
_fА.М. Калашников, В.З. Слуцкий
205 _a3-е изд., перераб. и доп.
210 _d1965
215 _a427 с.
_cил.
461 0 _1001rc\4623481
_12001#$aОсновы радиотехники и радиолокации$v[3]
_99146779
_cМосква
_d1965
_nВоениздат
_tОсновы радиотехники и радиолокации
_v[3]
700 1 _aКалашников
_bА. М.
_gАнатолий Михайлович
701 1 _aСлуцкий
_bВ. З.
_gВениамин Захарович
801 0 _aRU
_bNLR
_gpsbo
801 1 _aRU
_bELAR
_2rusmarc
852 _aNLR
_j65-5/2200
942 _cBOOK
980 _aNB